Catálogo de la Biblioteca Horacio González - Universidad Nacional de General Sarmiento

El Cours de linguistique générale (1916) de Ferdinand de Saussure : (Registro nro. 12719)

Detalles MARC
000 -CABECERA
campo de control de longitud fija 00953nam a22003130a 4500
001 - NÚMERO DE CONTROL
campo de control PT59927
003 - IDENTIFICADOR DEL NÚMERO DE CONTROL
campo de control AR-LpoUNG
005 - FECHA Y HORA DE LA ÚLTIMA TRANSACCIÓN
campo de control 20210131231935.0
008 - DATOS DE LONGITUD FIJA--INFORMACIÓN GENERAL
campo de control de longitud fija 191001s2016||||sp |||||||||||||||||spa d
020 ## - NÚMERO INTERNACIONAL ESTÁNDAR DEL LIBRO
Número Internacional Estándar del Libro 9788416515912
Condiciones de disponibilidad $14
040 ## - FUENTE DE LA CATALOGACIÓN
Centro catalogador/agencia de origen AR-LpoUNG
Lengua de catalogación spa
Centro/agencia transcriptor AR-LpoUNG
Normas de descripción aacr
041 ## - CÓDIGO DE LENGUA
Código de lengua del texto/banda sonora o título independiente spa
044 ## - CÓDIGO DEL PAÍS DE LA ENTIDAD EDITORA/PRODUCTORA
Código MARC del país sp
082 0# - NÚMERO DE LA CLASIFICACIÓN DECIMAL DEWEY
Número de clasificación 410 379cou
100 1# - ENTRADA PRINCIPAL--NOMBRE DE PERSONA
Nombre de persona Martín Zorraquino, María Antonia
245 13 - MENCIÓN DE TÍTULO
Título El Cours de linguistique générale (1916) de Ferdinand de Saussure :
Resto del título algunas reflexiones, desde la lingüística hispánica, en el centenario de su publicación
250 ## - MENCIÓN DE EDICIÓN
Mención de edición 1ra. ed.
260 ## - PUBLICACIÓN, DISTRIBUCIÓN, ETC.
Lugar de publicación, distribución, etc. Zaragoza :
Nombre del editor, distribuidor, etc. Prensas de la Universidad de Zaragoza,
Fecha de publicación, distribución, etc. 2016.
300 ## - DESCRIPCIÓN FÍSICA
Extensión 149 p. :
Otras características físicas fot.
650 #4 - PUNTO DE ACCESO ADICIONAL DE MATERIA--TÉRMINO DE MATERIA
Término de materia o nombre geográfico como elemento de entrada EUROPA
650 #4 - PUNTO DE ACCESO ADICIONAL DE MATERIA--TÉRMINO DE MATERIA
Término de materia o nombre geográfico como elemento de entrada LINGÜISTICA
650 #4 - PUNTO DE ACCESO ADICIONAL DE MATERIA--TÉRMINO DE MATERIA
Término de materia o nombre geográfico como elemento de entrada SEMANTICA
650 #4 - PUNTO DE ACCESO ADICIONAL DE MATERIA--TÉRMINO DE MATERIA
Término de materia o nombre geográfico como elemento de entrada TEORIA LINGÜISTICA
653 ## - TÉRMINO DE INDIZACIÓN--NO CONTROLADO
Término no controlado ANALISIS LINGÜISTICO
653 ## - TÉRMINO DE INDIZACIÓN--NO CONTROLADO
Término no controlado SAUSSURE, FERDINAND DE
653 ## - TÉRMINO DE INDIZACIÓN--NO CONTROLADO
Término no controlado SEMIOLOGIA
905 ## - ELEMENTOS DE DATOS E LOCAL, LDE (RLIN)
a 59927
942 ## - ELEMENTOS DE PUNTO DE ACCESO ADICIONAL (KOHA)
Tipo de ítem Koha Lectura en Sala
Existencias
Estado de retiro Estado de pérdida Estado dañado No para préstamo Código de colección Localización permanente Ubicación/localización actual Fecha de adquisición Total de préstamos Renovaciones totales Signatura topográfica completa Código de barras Fecha visto por última vez Fecha del último préstamo Precio válido a partir de Tipo de ítem Koha
        Colección General Biblioteca Universidad Nacional de General Sarmiento Biblioteca Universidad Nacional de General Sarmiento 31/01/2021 1 1 410 379cou 00064286 17/04/2023 03/04/2023 31/01/2021 Libro
        Colección General Biblioteca Universidad Nacional de General Sarmiento Biblioteca Universidad Nacional de General Sarmiento 31/01/2021     410 379cou S00064903 31/01/2021   31/01/2021 Lectura en Sala